[Event "HUN-chT2 Toth 1819"]
[Site "Hungary"]
[Date "2018.12.02"]
[Round "5.10"]
[White "Hideg, Ferenc Bendeguz"]
[Black "Szamko, Szabolcs"]
[Result "1-0"]
[WhiteElo "1755"]
[BlackElo "1506"]
[PlyCount "69"]
[EventDate "2018.09.23"]
[EventType "team-tourn"]
[EventRounds "11"]
[EventCountry "HUN"]
[SourceTitle "EXT 2021"]
[Source "ChessBase"]
[SourceDate "2020.10.23"]
[SourceVersion "1"]
[SourceVersionDate "2020.10.23"]
[SourceQuality "1"]
[WhiteTeam "Felegyhaza Csongrad"]
[BlackTeam "Szeged Maroczy III"]
[WhiteTeamCountry "HUN"]
[BlackTeamCountry "HUN"]

1. d4 d5 2. c4 c6 3. Nf3 Nf6 4. Nc3 g6 5. Bf4 Bg7 6. e3 b6 7. cxd5 cxd5 8. h3 Bb7 9. Nb5 Na6 10. Qa4 0-0 11. Rc1 Qd7 12. Ne5 Qe6 13. Be2 Nd7 14. Nc7 Nxc7 15. Nxd7 Rfc8 16. Rxc7 Rxc7 17. Bxc7 Rc8 18. Be5 Bc6 19. Qxa7 Bxd7 20. 0-0 Bxe5 21. dxe5 h5 22. Bf3 Qc6 23. Qa3 e6 24. Qb4 Ra8 25. a3 Ra4 26. Qe7 Ra7 27. Qd8+ Be8 28. Qg5 Kh7 29. Rd1 Ra8 30. g4 Bd7 31. Qe7 Kg8 32. gxh5 Re8 33. Qf6 Qc2 34. h6 Kf8 35. h7 1-0

[Event "HUN-chT2 Toth 1819"]
[Site "Hungary"]
[Date "2018.11.18"]
[Round "4.11"]
[White "Szili, Istvan"]
[Black "Szamko, Szabolcs"]
[Result "1-0"]
[WhiteElo "1943"]
[BlackElo "1506"]
[PlyCount "65"]
[EventDate "2018.09.23"]
[EventType "team-tourn"]
[EventRounds "11"]
[EventCountry "HUN"]
[SourceTitle "EXT 2021"]
[Source "ChessBase"]
[SourceDate "2020.10.23"]
[SourceVersion "1"]
[SourceVersionDate "2020.10.23"]
[SourceQuality "1"]
[WhiteTeam "Kecskemet Takisz"]
[BlackTeam "Szeged Maroczy III"]
[WhiteTeamCountry "HUN"]
[BlackTeamCountry "HUN"]

1. e4 c5 2. c3 Nc6 3. Nf3 d5 4. exd5 Qxd5 5. d4 Bg4 6. Be2 cxd4 7. cxd4 g6 8. Nc3 Qd7 9. d5 Bxf3 10. gxf3 Bg7 11. dxc6 Bxc3+ 12. bxc3 Qxc6 13. Qd4 Nf6 14. Qc4 Qxc4 15. Bxc4 0-0 16. Bb3 Rac8 17. c4 h5 18. Be3 b6 19. Rd1 Rc6 20. Ke2 Rfc8 21. Rd2 a5 22. a4 R6c7 23. Rhd1 Kh7 24. Bxb6 Rb7 25. c5 Kg7 26. Rd8 Rbb8 27. Rxc8 Rxc8 28. Rd8 Rxd8 29. Bxd8 Kf8 30. c6 Ke8 31. c7 Kd7 32. Bxf7 h4 33. Be6+ 1-0

[Event "Lovo op 13th"]
[Site "Lovo"]
[Date "2018.08.25"]
[Round "2"]
[White "Szamko, Szabolcs"]
[Black "Konya, Attila Sr"]
[Result "0-1"]
[WhiteElo "1424"]
[BlackElo "1756"]
[PlyCount "108"]
[EventDate "2018.08.25"]
[EventType "swiss"]
[EventRounds "5"]
[EventCountry "HUN"]
[SourceTitle "CBM 186 Extra"]
[Source "ChessBase"]
[SourceDate "2018.08.24"]
[SourceVersion "1"]
[SourceVersionDate "2018.08.24"]
[SourceQuality "1"]

1. e4 c5 2. Nf3 Nc6 3. b3 Nf6 4. Nc3 d6 5. h3 e6 6. Bb2 Be7 7. g3 Rb8 8. a4 0-0 9. Bg2 a6 10. Qe2 Qc7 11. 0-0 Nd4 12. Qd3 Nc6 13. Rac1 Bd7 14. Rfe1 Nb4 15. Qe2 e5 16. Kh2 Be6 17. Ng5 Ng4+ 18. hxg4 Bxg5 19. Nd5 Nxd5 20. exd5 Bd7 21. Rh1 b5 22. Qd3 Bxg4 23. Kg1 h6 24. axb5 axb5 25. Qc3 b4 26. Qd3 Bd7 27. Re1 Bb5 28. Qf3 Ra8 29. d3 Ra2 30. Rb1 Bd7 31. Qe2 f5 32. Bf3 Bb5 33. Qd1 Raa8 34. Bc1 Qe7 35. Rh5 Be8 36. Bxg5 hxg5 37. Rh2 g4 38. Bg2 Qg5 39. Qc1 f4 40. gxf4 Rxf4 41. Qe3 Bg6 42. Re1 Raf8 43. Re2 Bh5 44. Rh1 Bg6 45. Rh2 Ra8 46. Bf1 Qf6 47. Rg2 Ra1 48. Re1 Ra2 49. Re2 Bh5 50. Rg3 Rf3 51. Rxf3 gxf3 52. Rd2 Ra1 53. Kh2 Rxf1 54. Qe4 Qg5 0-1